[Event "Russian Championship (men rapid)"]
[Site "Sochi"]
[Date "2017.09.30"]
[Round "4.18"]
[White "Murzin, Volodar"]
[Black "Pridorozhni, Aleksei"]
[Result "0-1"]
[LiveChessVersion "1.4.8"]
[BlackElo "2653"]
[WhiteElo "2336"]

1. Nf3 {[%clk 0:15:17]} e6 {[%clk 0:15:16]} 2. g3 {[%clk 0:15:24]} b5
{[%clk 0:15:24]} 3. Bg2 {[%clk 0:15:31]} Bb7 {[%clk 0:15:33]} 4. O-O
{[%clk 0:15:38]} c5 {[%clk 0:15:42]} 5. d3 {[%clk 0:15:31]} Be7 {[%clk 0:15:46]}
6. Nbd2 {[%clk 0:15:27]} Nf6 {[%clk 0:15:53]} 7. c4 {[%clk 0:15:21]} a6
{[%clk 0:15:55]} 8. Nb3 {[%clk 0:14:27]} O-O {[%clk 0:15:38]} 9. Bd2
{[%clk 0:14:25]} Nc6 {[%clk 0:15:39]} 10. Rc1 {[%clk 0:13:20]} d6
{[%clk 0:15:42]} 11. Qe1 {[%clk 0:12:42]} Qd7 {[%clk 0:14:49]} 12. Bg5
{[%clk 0:10:51]} h6 {[%clk 0:14:44]} 13. Bxf6 {[%clk 0:10:49]} Bxf6
{[%clk 0:14:52]} 14. Qd2 {[%clk 0:10:55]} Rfd8 {[%clk 0:14:49]} 15. Rfd1
{[%clk 0:10:47]} bxc4 {[%clk 0:14:13]} 16. Rxc4 {[%clk 0:09:34]} a5
{[%clk 0:13:59]} 17. Qc1 {[%clk 0:07:09]} a4 {[%clk 0:11:14]} 18. Nbd2
{[%clk 0:06:53]} Rdb8 {[%clk 0:11:21]} 19. Rf4 {[%clk 0:05:48]} Be7
{[%clk 0:11:16]} 20. Nc4 {[%clk 0:05:22]} Ra6 {[%clk 0:10:31]} 21. Ne3
{[%clk 0:04:14]} d5 {[%clk 0:09:20]} 22. b3 {[%clk 0:01:41]} axb3
{[%clk 0:09:27]} 23. axb3 {[%clk 0:01:50]} Rb6 {[%clk 0:08:48]} 24. Qb2
{[%clk 0:00:46]} Ba8 {[%clk 0:08:22]} 25. Rg4 {[%clk 0:00:37]} f6
{[%clk 0:07:45]} 26. Ra4 {[%clk 0:00:22]} Rxb3 {[%clk 0:07:12]} 27. Qa2
{[%clk 0:00:23]} Rb2 {[%clk 0:07:19]} 28. Qa1 {[%clk 0:00:32]} Qb7
{[%clk 0:07:26]} 29. Bh3 {[%clk 0:00:14]} Kf7 {[%clk 0:07:28]} 30. Bg2
{[%clk 0:00:11]} Rb1 {[%clk 0:07:00]} 31. Rxb1 {[%clk 0:00:20]} Qxb1+
{[%clk 0:07:09]} 32. Qxb1 {[%clk 0:00:26]} Rxb1+ {[%clk 0:07:18]} 33. Nf1
{[%clk 0:00:34]} Bb7 {[%clk 0:07:26]} 34. N3d2 {[%clk 0:00:38]} Rb2
{[%clk 0:07:34]} 35. e4 {[%clk 0:00:29]} Nb4 {[%clk 0:07:30]} 36. Ra7
{[%clk 0:00:31]} Bc6 {[%clk 0:07:36]} 37. exd5 {[%clk 0:00:31]} exd5
{[%clk 0:07:35]} 38. Rc7 {[%clk 0:00:23]} Ke8 {[%clk 0:07:22]} 39. Bh3
{[%clk 0:00:13]} g6 {[%clk 0:07:09]} 40. Be6 {[%clk 0:00:17]} Bd6
{[%clk 0:07:01]} 41. Rxc6 {[%clk 0:00:13]} Nxc6 {[%clk 0:07:08]} 42. Bxd5
{[%clk 0:00:22]} Na5 {[%clk 0:07:05]} 43. Ne4 {[%clk 0:00:16]} Be7
{[%clk 0:07:03]} 44. Ned2 {[%clk 0:00:12]} f5 {[%clk 0:07:02]} 45. Nf3
{[%clk 0:00:11]} Bf6 {[%clk 0:07:09]} 46. Ne3 {[%clk 0:00:18]} Nb3
{[%clk 0:06:49]} 47. Nc4 {[%clk 0:00:12]} Rb1+ {[%clk 0:06:55]} 48. Kg2
{[%clk 0:00:20]} Nd4 {[%clk 0:06:59]} 49. Nfe5 {[%clk 0:00:14]} Bxe5
{[%clk 0:06:44]} 50. Nxe5 {[%clk 0:00:22]} g5 {[%clk 0:06:51]} 51. h3
{[%clk 0:00:14]} Ke7 {[%clk 0:06:56]} 52. Nf7 {[%clk 0:00:15]} Rb6
{[%clk 0:07:02]} 53. Ne5 {[%clk 0:00:19]} Rd6 {[%clk 0:06:18]} 54. Bc4
{[%clk 0:00:18]} Nc6 {[%clk 0:06:22]} 55. Nxc6+ {[%clk 0:00:13]} Rxc6
{[%clk 0:06:31]} 56. Kf3 {[%clk 0:00:18]} Rb6 {[%clk 0:06:33]} 57. Bd5
{[%clk 0:00:12]} Kd6 {[%clk 0:06:35]} 58. Bc4 {[%clk 0:00:20]} Ke5
{[%clk 0:06:44]} 59. Ke3 {[%clk 0:00:29]} Rb1 {[%clk 0:06:41]} 60. f4+
{[%clk 0:00:34]} Kf6 {[%clk 0:06:49]} 61. Kf3 {[%clk 0:00:41]} Rb2
{[%clk 0:06:56]} 62. Bd5 {[%clk 0:00:23]} Rh2 {[%clk 0:06:57]} 63. Bc6
{[%clk 0:00:27]} gxf4 {[%clk 0:06:47]} 64. Kxf4 {[%clk 0:00:33]} Rxh3
{[%clk 0:06:56]} 65. Bd7 {[%clk 0:00:27]} Rh1 {[%clk 0:07:03]} 66. Bc8
{[%clk 0:00:32]} Rf1+ {[%clk 0:07:10]} 67. Ke3 {[%clk 0:00:42]} Ke5
{[%clk 0:07:18]} 68. Bd7 {[%clk 0:00:48]} f4+ {[%clk 0:07:24]} 69. gxf4+
{[%clk 0:00:53]} Rxf4 {[%clk 0:07:31]} 70. Bc8 {[%clk 0:01:02]} h5
{[%clk 0:07:37]} 71. Bd7 {[%clk 0:01:10]} h4 {[%clk 0:07:46]} 72. Bc8
{[%clk 0:01:16]} Rf8 {[%clk 0:07:54]} 73. Bh3 {[%clk 0:01:23]} Rg8
{[%clk 0:08:02]} 74. Bf1 {[%clk 0:01:29]} Rg3+ {[%clk 0:08:10]} 75. Kd4+ 0-1

[Event "Russian Championship (men rapid)"]
[Site "Sochi"]
[Date "2017.09.30"]
[Round "4.21"]
[White "Iljiushenok, Ilia"]
[Black "Novikov, Konstantin"]
[Result "1-0"]
[LiveChessVersion "1.4.8"]
[BlackElo "2322"]
[WhiteElo "2563"]

1. e4 {[%clk 0:15:18]} d6 {[%clk 0:15:14]} 2. d4 {[%clk 0:15:26]} Nf6
{[%clk 0:15:23]} 3. Nc3 {[%clk 0:15:34]} e5 {[%clk 0:15:32]} 4. dxe5
{[%clk 0:15:38]} dxe5 {[%clk 0:15:40]} 5. Qxd8+ {[%clk 0:15:45]} Kxd8
{[%clk 0:15:49]} 6. Bg5 {[%clk 0:15:51]} c6 {[%clk 0:15:41]} 7. O-O-O+
{[%clk 0:14:58]} Nbd7 {[%clk 0:15:41]} 8. Nf3 {[%clk 0:12:34]} Ke8
{[%clk 0:15:48]} 9. Bh4 {[%clk 0:11:39]} Bc5 {[%clk 0:15:43]} 10. Bc4
{[%clk 0:10:15]} b5 {[%clk 0:15:32]} 11. Bb3 {[%clk 0:10:24]} Bb6
{[%clk 0:15:05]} 12. Bg3 {[%clk 0:09:15]} Bc7 {[%clk 0:15:12]} 13. a3
{[%clk 0:09:03]} a5 {[%clk 0:15:17]} 14. Rhe1 {[%clk 0:09:04]} h6
{[%clk 0:15:13]} 15. h3 {[%clk 0:08:23]} Ke7 {[%clk 0:14:55]} 16. Kb1
{[%clk 0:08:22]} Re8 {[%clk 0:14:55]} 17. Ba2 {[%clk 0:07:19]} Kf8
{[%clk 0:14:46]} 18. Nd2 {[%clk 0:07:27]} Bb6 {[%clk 0:14:14]} 19. f3
{[%clk 0:06:39]} Nc5 {[%clk 0:13:33]} 20. Bf2 {[%clk 0:06:39]} Be6
{[%clk 0:13:35]} 21. Bxe6 {[%clk 0:06:42]} fxe6 {[%clk 0:13:33]} 22. Nb3
{[%clk 0:05:28]} Nxb3 {[%clk 0:10:58]} 23. Bxb6 {[%clk 0:05:16]} Nd4
{[%clk 0:09:58]} 24. f4 {[%clk 0:04:33]} Nd7 {[%clk 0:09:22]} 25. Bxd4
{[%clk 0:04:34]} exd4 {[%clk 0:09:30]} 26. Rxd4 {[%clk 0:04:42]} Nc5
{[%clk 0:09:34]} 27. Rd6 {[%clk 0:04:24]} Ra6 {[%clk 0:09:16]} 28. e5
{[%clk 0:04:09]} b4 {[%clk 0:09:03]} 29. Ne4 {[%clk 0:04:10]} Nxe4
{[%clk 0:08:51]} 30. Rxe4 {[%clk 0:04:18]} bxa3 {[%clk 0:08:03]} 31. bxa3
{[%clk 0:04:27]} Rb8+ {[%clk 0:08:11]} 32. Kc1 {[%clk 0:04:36]} Rab6
{[%clk 0:08:02]} 33. Kd2 {[%clk 0:04:33]} Rb1 {[%clk 0:07:24]} 34. Re1
{[%clk 0:03:35]} R1b2 {[%clk 0:07:05]} 35. Rxe6 {[%clk 0:03:33]} c5
{[%clk 0:07:06]} 36. Rc6 {[%clk 0:03:34]} Ra2 {[%clk 0:06:48]} 37. Re3
{[%clk 0:03:43]} Rb1 {[%clk 0:06:35]} 38. e6 {[%clk 0:03:50]} 1-0

[Event "Russian Championship (men rapid)"]
[Site "Sochi"]
[Date "2017.09.30"]
[Round "5.25"]
[White "Selin, Vladimir"]
[Black "Hasangatin, Ramil"]
[Result "0-1"]
[LiveChessVersion "1.4.8"]
[BlackElo "2507"]
[WhiteElo "2390"]

1. e4 {[%clk 0:15:18]} Nf6 {[%clk 0:15:19]} 2. d3 {[%clk 0:15:27]} g6
{[%clk 0:15:19]} 3. f4 {[%clk 0:14:22]} Bg7 {[%clk 0:15:28]} 4. Nf3
{[%clk 0:14:31]} O-O {[%clk 0:15:37]} 5. c3 {[%clk 0:14:30]} d6 {[%clk 0:15:44]}
6. Be2 {[%clk 0:13:03]} c5 {[%clk 0:15:52]} 7. h3 {[%clk 0:13:01]} c4
{[%clk 0:15:43]} 8. O-O {[%clk 0:12:54]} Na6 {[%clk 0:14:43]} 9. Be3
{[%clk 0:12:10]} cxd3 {[%clk 0:12:45]} 10. Bxd3 {[%clk 0:10:43]} Nc5
{[%clk 0:12:55]} 11. Bxc5 {[%clk 0:10:47]} dxc5 {[%clk 0:13:04]} 12. Kh2
{[%clk 0:10:32]} Qc7 {[%clk 0:11:48]} 13. e5 {[%clk 0:09:57]} Nh5
{[%clk 0:11:51]} 14. g3 {[%clk 0:09:26]} Rd8 {[%clk 0:11:51]} 15. Qc2
{[%clk 0:06:39]} Qd7 {[%clk 0:11:56]} 16. g4 {[%clk 0:06:47]} Nxf4
{[%clk 0:08:15]} 17. Bc4 {[%clk 0:06:53]} e6 {[%clk 0:07:02]} 18. Na3
{[%clk 0:05:35]} Nd5 {[%clk 0:06:27]} 19. Rf2 {[%clk 0:04:53]} a6
{[%clk 0:06:33]} 20. Qe4 {[%clk 0:02:41]} b5 {[%clk 0:06:37]} 21. Bxd5
{[%clk 0:02:49]} Qxd5 {[%clk 0:05:47]} 22. Qf4 {[%clk 0:02:40]} Bb7
{[%clk 0:05:55]} 23. Re1 {[%clk 0:02:31]} Rd7 {[%clk 0:05:31]} 24. b3
{[%clk 0:02:05]} Rad8 {[%clk 0:05:07]} 25. Nc2 {[%clk 0:02:03]} Qc6
{[%clk 0:04:55]} 26. h4 Qc7 {[%clk 0:04:55]} 27. Kg1 {[%clk 0:01:30]} Bxf3
{[%clk 0:04:22]} 28. Rxf3 {[%clk 0:00:43]} Rd1 {[%clk 0:04:25]} 29. Rxd1
{[%clk 0:00:15]} Rxd1+ {[%clk 0:04:33]} 30. Kg2 {[%clk 0:00:22]} Bxe5
{[%clk 0:04:27]} 31. Qe3 {[%clk 0:00:20]} Qd6 {[%clk 0:04:14]} 32. Rf2
{[%clk 0:00:23]} Qd5+ {[%clk 0:04:23]} 33. Qf3 {[%clk 0:00:17]} Bxc3
{[%clk 0:03:48]} 34. Ne3 {[%clk 0:00:15]} Qxf3+ {[%clk 0:03:46]} 35. Kxf3
{[%clk 0:00:23]} Rd3 {[%clk 0:03:54]} 36. Ke4 {[%clk 0:00:26]} Rxe3+
{[%clk 0:04:02]} 37. Kd4 0-1

[Event "Russian Championship (men rapid)"]
[Site "Sochi"]
[Date "2017.10.01"]
[Round "6.13"]
[White "Kezin, Roman"]
[Black "Sjugirov, Sanan"]
[Result "1/2-1/2"]
[LiveChessVersion "1.4.8"]
[BlackElo "2765"]
[WhiteElo "2491"]

1. d4 {[%clk 0:15:18]} Nf6 {[%clk 0:15:06]} 2. c4 {[%clk 0:15:27]} e6
{[%clk 0:15:14]} 3. g3 {[%clk 0:15:35]} d5 {[%clk 0:15:17]} 4. Bg2
{[%clk 0:15:43]} Bb4+ {[%clk 0:15:22]} 5. Bd2 {[%clk 0:15:51]} Be7
{[%clk 0:15:30]} 6. Nf3 {[%clk 0:15:59]} O-O {[%clk 0:15:37]} 7. O-O
{[%clk 0:16:06]} c6 {[%clk 0:15:27]} 8. Qc2 {[%clk 0:16:15]} b6 {[%clk 0:15:29]}
9. Rd1 {[%clk 0:16:18]} Nbd7 {[%clk 0:15:35]} 10. Bf4 {[%clk 0:16:25]} Ba6
{[%clk 0:15:37]} 11. Ne5 {[%clk 0:16:32]} Rc8 {[%clk 0:14:49]} 12. Nc3
{[%clk 0:16:24]} Bxc4 {[%clk 0:13:33]} 13. Nxc4 {[%clk 0:16:25]} dxc4
{[%clk 0:13:41]} 14. e4 {[%clk 0:16:10]} b5 {[%clk 0:13:29]} 15. a4
{[%clk 0:16:15]} a6 {[%clk 0:13:23]} 16. axb5 {[%clk 0:16:18]} axb5
{[%clk 0:13:30]} 17. d5 {[%clk 0:16:24]} cxd5 {[%clk 0:10:29]} 18. exd5
{[%clk 0:16:28]} e5 {[%clk 0:09:46]} 19. Bg5 {[%clk 0:16:27]} Bc5
{[%clk 0:06:19]} 20. Ra6 {[%clk 0:16:23]} h6 {[%clk 0:06:01]} 21. Bh4
{[%clk 0:15:03]} Bb6 {[%clk 0:03:44]} 22. d6 {[%clk 0:14:00]} g5 {[%clk 0:03:35]}
23. Bxg5 {[%clk 0:14:05]} hxg5 {[%clk 0:03:43]} 24. Qf5 {[%clk 0:14:14]} Kh8
{[%clk 0:02:06]} 25. Qxg5 {[%clk 0:10:31]} Bd4 {[%clk 0:02:02]} 26. Be4
{[%clk 0:05:31]} Bxc3 {[%clk 0:00:55]} 27. Qh6+ {[%clk 0:05:30]} Kg8
{[%clk 0:01:04]} 28. Qg5+ {[%clk 0:05:29]} Bd4 1/2-1/2

[Event "Russian Championship (men rapid)"]
[Site "Sochi"]
[Date "2017.10.01"]
[Round "6.24"]
[White "Chos, Alexey"]
[Black "Popov, Ivan"]
[Result "0-1"]
[LiveChessVersion "1.4.8"]
[BlackElo "2674"]
[WhiteElo "2290"]

1. e4 {[%clk 0:15:19]} c5 {[%clk 0:15:19]} 2. Nf3 {[%clk 0:15:26]} e6
{[%clk 0:15:27]} 3. d4 {[%clk 0:15:33]} cxd4 {[%clk 0:15:35]} 4. Nxd4
{[%clk 0:15:41]} Nc6 {[%clk 0:15:41]} 5. Nxc6 {[%clk 0:15:48]} bxc6
{[%clk 0:15:49]} 6. Bd3 {[%clk 0:15:56]} Nf6 {[%clk 0:15:40]} 7. O-O
{[%clk 0:16:03]} d5 {[%clk 0:15:47]} 8. e5 {[%clk 0:16:10]} Nd7 {[%clk 0:15:54]}
9. Re1 {[%clk 0:16:15]} Qc7 {[%clk 0:14:31]} 10. Bf4 {[%clk 0:16:18]} f5
{[%clk 0:13:27]} 11. g4 {[%clk 0:15:53]} Nc5 {[%clk 0:12:30]} 12. Nd2
{[%clk 0:14:14]} Be7 {[%clk 0:12:06]} 13. gxf5 {[%clk 0:13:35]} O-O
{[%clk 0:09:32]} 14. f6 {[%clk 0:11:39]} Nxd3 {[%clk 0:09:30]} 15. cxd3
{[%clk 0:11:41]} Bxf6 {[%clk 0:09:38]} 16. Bg3 {[%clk 0:11:22]} Be7
{[%clk 0:09:29]} 17. d4 {[%clk 0:11:05]} c5 {[%clk 0:08:55]} 18. dxc5
{[%clk 0:10:00]} Bxc5 {[%clk 0:07:16]} 19. Nb3 {[%clk 0:10:01]} Bb6
{[%clk 0:07:18]} 20. Rc1 {[%clk 0:10:08]} Qe7 {[%clk 0:07:14]} 21. Qd2
{[%clk 0:10:06]} d4 {[%clk 0:05:35]} 22. Nxd4 {[%clk 0:10:01]} Bb7
{[%clk 0:05:39]} 23. Nc6 {[%clk 0:09:52]} Qf7 {[%clk 0:05:27]} 24. b4
{[%clk 0:09:59]} a6 {[%clk 0:04:38]} 25. a4 {[%clk 0:10:06]} Qf3 {[%clk 0:03:38]}
26. Rc3 {[%clk 0:09:28]} Qg4 {[%clk 0:03:47]} 27. Rf1 {[%clk 0:07:42]} Rf3
{[%clk 0:02:42]} 28. Rxf3 {[%clk 0:07:05]} Qxf3 {[%clk 0:02:32]} 29. b5
{[%clk 0:07:13]} axb5 {[%clk 0:02:31]} 30. axb5 {[%clk 0:07:22]} Rd8
{[%clk 0:02:04]} 31. Qf4 {[%clk 0:07:28]} Bxf2+ {[%clk 0:02:06]} 32. Bxf2
{[%clk 0:06:08]} Qxf4 {[%clk 0:02:14]} 33. Bg3 {[%clk 0:06:10]} Qe3+
{[%clk 0:02:11]} 34. Bf2 {[%clk 0:06:18]} Qe4 {[%clk 0:02:02]} 35. Re1
{[%clk 0:06:03]} Qg4+ {[%clk 0:02:09]} 36. Rf1 Qf3 0-1

[Event "Russian Championship (men rapid)"]
[Site "Sochi"]
[Date "2017.10.01"]
[Round "8.7"]
[White "Rakhmanov, Aleksandr"]
[Black "Potkin, Vladimir"]
[Result "1/2-1/2"]
[LiveChessVersion "1.4.8"]
[BlackElo "2650"]
[WhiteElo "2591"]

1. c4 {[%clk 0:15:18]} e6 {[%clk 0:15:19]} 2. e4 {[%clk 0:15:19]} d5
{[%clk 0:15:27]} 3. exd5 {[%clk 0:15:28]} exd5 {[%clk 0:15:36]} 4. d4
{[%clk 0:15:36]} Nf6 {[%clk 0:15:45]} 5. Nc3 {[%clk 0:15:45]} Bb4
{[%clk 0:15:51]} 6. Bd3 {[%clk 0:15:53]} dxc4 {[%clk 0:15:54]} 7. Bxc4
{[%clk 0:16:02]} O-O {[%clk 0:16:02]} 8. Nge2 {[%clk 0:16:10]} Nc6
{[%clk 0:15:18]} 9. a3 {[%clk 0:16:17]} Bd6 {[%clk 0:15:24]} 10. f3
{[%clk 0:16:11]} Re8 {[%clk 0:15:24]} 11. Bg5 {[%clk 0:15:27]} h6
{[%clk 0:15:21]} 12. Bh4 {[%clk 0:10:12]} Nxd4 {[%clk 0:14:21]} 13. Qxd4
{[%clk 0:10:20]} Bg3+ {[%clk 0:14:10]} 14. Kf1 {[%clk 0:10:29]} Qxd4
{[%clk 0:13:13]} 15. Nxd4 {[%clk 0:10:37]} Bxh4 {[%clk 0:13:22]} 16. g3
{[%clk 0:10:34]} Bh3+ {[%clk 0:13:15]} 17. Kg1 {[%clk 0:10:09]} Rad8
{[%clk 0:12:39]} 18. Nde2 {[%clk 0:08:40]} Bg5 {[%clk 0:10:54]} 19. f4
{[%clk 0:08:47]} Rd2 {[%clk 0:07:56]} 20. fxg5 {[%clk 0:05:53]} hxg5
{[%clk 0:08:04]} 21. Kf2 {[%clk 0:03:00]} Ng4+ {[%clk 0:08:13]} 22. Ke1
{[%clk 0:03:09]} Rxb2 {[%clk 0:08:21]} 23. Ra2 {[%clk 0:02:34]} Rb6
{[%clk 0:07:11]} 24. Kd2 {[%clk 0:01:53]} Ne5 {[%clk 0:06:04]} 25. Bd5
{[%clk 0:02:02]} Rd8 {[%clk 0:04:37]} 26. Kc2 {[%clk 0:00:19]} c6
{[%clk 0:04:07]} 27. Be4 {[%clk 0:00:27]} f5 {[%clk 0:04:13]} 28. Ng1
{[%clk 0:00:37]} Bg4 {[%clk 0:01:23]} 29. h3 {[%clk 0:00:46]} fxe4
{[%clk 0:01:10]} 30. hxg4 {[%clk 0:00:55]} e3 {[%clk 0:01:17]} 31. Rh2
{[%clk 0:00:34]} Nxg4 {[%clk 0:00:29]} 32. Re2 {[%clk 0:00:43]} Rf8
{[%clk 0:00:28]} 33. Nh3 {[%clk 0:00:27]} Rf5 {[%clk 0:00:37]} 34. Ne4
{[%clk 0:00:36]} a5 {[%clk 0:00:31]} 35. Rb2 {[%clk 0:00:25]} Rxb2+
{[%clk 0:00:37]} 36. Kxb2 {[%clk 0:00:34]} a4 {[%clk 0:00:31]} 37. Nhxg5
{[%clk 0:00:27]} Rb5+ {[%clk 0:00:31]} 38. Ka2 {[%clk 0:00:18]} Re5
{[%clk 0:00:35]} 39. Kb2 {[%clk 0:00:20]} b5 {[%clk 0:00:40]} 40. Kc3
{[%clk 0:00:27]} c5 {[%clk 0:00:49]} 41. Kd3 {[%clk 0:00:17]} b4 {[%clk 0:00:37]}
42. Nf3 {[%clk 0:00:15]} Rf5 {[%clk 0:00:28]} 43. Neg5 {[%clk 0:00:16]} b3
{[%clk 0:00:25]} 44. Kc4 {[%clk 0:00:14]} Kf8 {[%clk 0:00:28]} 45. Kb5
{[%clk 0:00:23]} c4+ {[%clk 0:00:14]} 46. Kxc4 {[%clk 0:00:28]} Rf6
{[%clk 0:00:12]} 47. Nd4 {[%clk 0:00:28]} Rb6 {[%clk 0:00:18]} 48. Rb2
{[%clk 0:00:30]} Ke7 {[%clk 0:00:22]} 49. Ngf3 {[%clk 0:00:33]} Kf6
{[%clk 0:00:26]} 50. Kd3 {[%clk 0:00:23]} Rd6 {[%clk 0:00:30]} 51. Kc4
{[%clk 0:00:16]} Ne5+ {[%clk 0:00:38]} 52. Kc3 {[%clk 0:00:18]} Nxf3 53. Nxf3
{[%clk 0:00:27]} Kf5 {[%clk 0:00:41]} 54. Re2 {[%clk 0:00:36]} Ke4
{[%clk 0:00:35]} 55. Ng5+ {[%clk 0:00:35]} Kf5 {[%clk 0:00:44]} 56. Nf3
{[%clk 0:00:39]} Ke4 {[%clk 0:00:36]} 57. Ng5+ {[%clk 0:00:47]} Kf5
{[%clk 0:00:40]} 58. Nf3 {[%clk 0:00:56]} Ke4 {[%clk 0:00:34]} 59. Ng5+
{[%clk 0:00:52]} Kf5 {[%clk 0:00:42]} 1/2-1/2

[Event "Russian Championship (men rapid)"]
[Site "Sochi"]
[Date "2017.10.01"]
[Round "9.4"]
[White "Sakaev, Konstantin"]
[Black "Fedoseev, Vladimir"]
[Result "1/2-1/2"]
[LiveChessVersion "1.4.8"]
[BlackElo "2734"]
[WhiteElo "2621"]

1. d4 {[%clk 0:15:18]} Nf6 {[%clk 0:15:17]} 2. c4 {[%clk 0:15:27]} e6
{[%clk 0:15:24]} 3. Nc3 {[%clk 0:15:35]} Bb4 {[%clk 0:15:26]} 4. Qc2
{[%clk 0:15:44]} d5 {[%clk 0:15:14]} 5. cxd5 {[%clk 0:15:51]} Qxd5
{[%clk 0:15:22]} 6. Nf3 {[%clk 0:15:57]} Qf5 {[%clk 0:15:09]} 7. Qxf5
{[%clk 0:15:52]} exf5 {[%clk 0:15:17]} 8. a3 {[%clk 0:16:01]} Bd6
{[%clk 0:15:01]} 9. Nb5 {[%clk 0:15:22]} Be6 {[%clk 0:15:08]} 10. Nxd6+
{[%clk 0:13:53]} cxd6 {[%clk 0:15:16]} 11. Bf4 {[%clk 0:13:48]} Ke7
{[%clk 0:15:24]} 12. e3 {[%clk 0:13:01]} Nbd7 {[%clk 0:15:29]} 13. Bd3
{[%clk 0:12:38]} Rac8 {[%clk 0:14:59]} 14. Ke2 {[%clk 0:12:06]} Bc4
{[%clk 0:14:13]} 15. Rhc1 {[%clk 0:11:33]} Bxd3+ {[%clk 0:13:30]} 16. Kxd3
{[%clk 0:11:42]} Ne4 {[%clk 0:13:36]} 17. Ke2 {[%clk 0:09:34]} Nb6
{[%clk 0:13:21]} 18. Ne1 {[%clk 0:09:31]} g5 {[%clk 0:12:09]} 19. Bg3
{[%clk 0:09:39]} h5 {[%clk 0:11:47]} 20. f3 {[%clk 0:09:24]} Nxg3+
{[%clk 0:11:46]} 21. hxg3 {[%clk 0:09:33]} Kf6 {[%clk 0:11:51]} 22. Nd3
{[%clk 0:09:33]} Rce8 {[%clk 0:11:58]} 23. Kf2 {[%clk 0:08:56]} Re7
{[%clk 0:12:03]} 24. Rc2 {[%clk 0:08:51]} Nd5 {[%clk 0:11:45]} 25. Re1
{[%clk 0:08:58]} Rhe8 {[%clk 0:11:53]} 26. Rce2 {[%clk 0:09:06]} a5
{[%clk 0:11:47]} 27. e4 {[%clk 0:08:23]} fxe4 {[%clk 0:11:41]} 28. fxe4
{[%clk 0:07:57]} Nb6 {[%clk 0:11:48]} 29. e5+ {[%clk 0:04:44]} dxe5
{[%clk 0:11:49]} 30. Rxe5 {[%clk 0:04:36]} Rxe5 {[%clk 0:11:48]} 31. Rxe5
{[%clk 0:04:41]} Rxe5 {[%clk 0:11:53]} 32. dxe5+ {[%clk 0:04:49]} Kf5
{[%clk 0:10:22]} 33. Nc5 {[%clk 0:04:53]} a4 {[%clk 0:09:57]} 34. Nxb7
{[%clk 0:04:10]} Kxe5 {[%clk 0:10:04]} 35. Na5 {[%clk 0:04:16]} Nd5
{[%clk 0:06:05]} 36. b3 {[%clk 0:04:14]} axb3 {[%clk 0:06:09]} 37. Nxb3
{[%clk 0:04:23]} Nc3 {[%clk 0:06:13]} 38. Nd2 {[%clk 0:03:41]} f6
{[%clk 0:06:05]} 39. Ke3 {[%clk 0:03:37]} Na4 {[%clk 0:04:03]} 40. Ke4+ 1/2-1/2

[Event "Russian Championship (men rapid)"]
[Site "Sochi"]
[Date "2017.10.01"]
[Round "9.12"]
[White "Sarana, Alexey"]
[Black "Artemiev, Vladislav"]
[Result "1/2-1/2"]
[LiveChessVersion "1.4.8"]
[BlackElo "2708"]
[WhiteElo "2525"]

1. d4 {[%clk 0:15:19]} Nf6 {[%clk 0:15:11]} 2. c4 {[%clk 0:15:28]} g6
{[%clk 0:15:20]} 3. Nc3 {[%clk 0:15:36]} d5 {[%clk 0:15:29]} 4. Bg5
{[%clk 0:15:44]} Ne4 {[%clk 0:15:35]} 5. Bh4 {[%clk 0:15:52]} Nxc3
{[%clk 0:15:43]} 6. bxc3 {[%clk 0:16:01]} dxc4 {[%clk 0:15:51]} 7. e3
{[%clk 0:16:09]} Be6 {[%clk 0:15:59]} 8. Be2 {[%clk 0:16:16]} Nd7
{[%clk 0:15:48]} 9. Nf3 {[%clk 0:16:24]} Nb6 {[%clk 0:15:02]} 10. a4
{[%clk 0:16:09]} a5 {[%clk 0:14:59]} 11. O-O {[%clk 0:16:15]} Bg7
{[%clk 0:14:35]} 12. Qc2 {[%clk 0:16:20]} O-O {[%clk 0:14:31]} 13. Rfb1
{[%clk 0:16:28]} Bf5 {[%clk 0:10:37]} 14. e4 {[%clk 0:16:36]} Bd7
{[%clk 0:08:58]} 15. Nd2 {[%clk 0:15:58]} Qe8 {[%clk 0:08:20]} 16. Nxc4
{[%clk 0:13:52]} Nxc4 {[%clk 0:07:59]} 17. Bxc4 {[%clk 0:13:59]} b6
{[%clk 0:08:07]} 18. Qb3 {[%clk 0:13:14]} Bf6 {[%clk 0:05:52]} 19. Bg3
{[%clk 0:13:07]} e5 {[%clk 0:05:58]} 20. Re1 {[%clk 0:12:23]} Bg7
{[%clk 0:05:30]} 21. d5 {[%clk 0:12:06]} h5 {[%clk 0:03:21]} 22. f3
{[%clk 0:11:51]} Qe7 {[%clk 0:03:02]} 23. Bf2 {[%clk 0:11:24]} h4
{[%clk 0:02:48]} 24. h3 {[%clk 0:11:29]} Bh6 {[%clk 0:01:51]} 25. Ra2
{[%clk 0:09:14]} Rad8 {[%clk 0:01:05]} 26. Bb5 {[%clk 0:09:14]} Bc8
{[%clk 0:00:59]} 27. c4 {[%clk 0:09:19]} Bf4 {[%clk 0:01:07]} 28. c5
{[%clk 0:08:39]} bxc5 {[%clk 0:01:07]} 29. Qc3 {[%clk 0:08:37]} Qg5
{[%clk 0:01:05]} 30. Kh1 {[%clk 0:08:32]} f5 {[%clk 0:01:00]} 31. Bd3
{[%clk 0:08:12]} fxe4 {[%clk 0:00:33]} 32. Bxe4 {[%clk 0:08:21]} Bf5
{[%clk 0:00:39]} 33. Qxc5 {[%clk 0:08:19]} Bg3 {[%clk 0:00:15]} 34. Qxa5
{[%clk 0:07:14]} Bxe4 {[%clk 0:00:12]} 35. Rxe4 {[%clk 0:07:23]} c6
{[%clk 0:00:21]} 36. Qe1 {[%clk 0:06:23]} cxd5 {[%clk 0:00:12]} 37. Rg4
{[%clk 0:06:32]} Bxf2 {[%clk 0:00:14]} 38. Rxf2 {[%clk 0:06:40]} Qf6
{[%clk 0:00:21]} 39. Re2 {[%clk 0:06:00]} e4 {[%clk 0:00:12]} 40. fxe4
{[%clk 0:05:32]} d4 {[%clk 0:00:16]} 41. e5 {[%clk 0:04:58]} Qe6 {[%clk 0:00:21]}
42. Qxh4 {[%clk 0:04:49]} d3 43. Rd2 {[%clk 0:04:58]} Rf1+ {[%clk 0:00:28]} 44.
Kh2 {[%clk 0:04:15]} Qxe5+ {[%clk 0:00:43]} 45. Qg3 Qc5 {[%clk 0:00:53]} 46.
Rxg6+ {[%clk 0:04:16]} Kh7 {[%clk 0:01:01]} 47. Rg7+ {[%clk 0:03:01]} Kh8
{[%clk 0:00:44]} 48. Qg5 {[%clk 0:03:07]} Qd6+ 49. Qg3 Qd4 {[%clk 0:00:28]} 50.
Qg5 {[%clk 0:03:16]} Qd6+ 51. Qg3 Qd4 {[%clk 0:00:32]} 52. Qg5 {[%clk 0:03:29]}
Qd6+ 53. g3 {[%clk 0:02:00]} Qb6 {[%clk 0:00:15]} 54. h4 Rf2+ 55. Rxf2
{[%clk 0:00:39]} Qxf2+ {[%clk 0:00:21]} 56. Kh3 {[%clk 0:00:48]} Qf1+
{[%clk 0:00:29]} 57. Kh2 Qe2+ 58. Kg1 {[%clk 0:00:36]} Qd1+ {[%clk 0:00:16]} 59.
Kh2 {[%clk 0:00:44]} Qe2+ 60. Rg6 1/2-1/2